Which One Is That? Quiz Stats

 Plays Quiz Updated Nov 8, 2017

Also try: Which Sibling?
Challenge
Share
Tweet
Score 0/30 Timer 07:00
8 Plays Today
% Correct
Hermione Granger is 2
91.9%
Paul McCartney is 3
90.8%
Prince Harry is 2
90.5%
Kim Kardashian is 4
87.2%
Luciano Pavarotti is 2
85.1%
Michael Jackson is 5
81.9%
Thomas Jefferson is 2
80.7%
The Ugly (Tuco Ramirez) is 3
76.8%
Ernie is 1
74.5%
Frank Sinatra is 1
74%
Joseph Stalin is 1
73.7%
Scary Spice is 1
72.9%
Diana Ross is 3
67.7%
Ken is 2
60.8%
Jamie Hyneman is 1
60.2%
% Correct
Neil Armstrong is 1
59.4%
Hannibal is 4
58.9%
Donatello is 4
58.2%
Wladimir Klitschko is 2
55.5%
Blossom is 2
55.2%
Famine is 2
53.3%
Inky is 3
52%
Larry is 3
51.2%
Thomas Bangalter is 1
49.9%
Billy Baldwin is 1
43.6%
Liesl von Trapp is 7
41.5%
Jason is 4
40.1%
Mr. Pink is 7
38.6%
Wilbur Wright is 1
36.6%
Judas Iscariot is 4
11.1%

You're not logged in!

Compare scores with friends on all Sporcle quizzes.
Join for Free
OR
Log In

You Might Also Like...

Show Comments

Extras

Top Quizzes Today


Score Distribution

Your Account Isn't Verified!

In order to create a playlist on Sporcle, you need to verify the email address you used during registration. Go to your Sporcle Settings to finish the process.

Report this User

Report this user for behavior that violates our Community Guidelines.

Details: